ბათუმის შოთა რუსთაველის სახელმწიფო უნივერსიტეტის ბიბლიოთეკა

...გუგულის ბუდეზე სხვა გადაფრინდა (ბიბ.ჩანაწერი № 51539)

000 -LEADER
fixed length control field 00827nam a2200253Ia 4500
001 - CONTROL NUMBER
control field 18530
003 - CONTROL NUMBER IDENTIFIER
control field GE_BSU
008 - FIXED-LENGTH DATA ELEMENTS--GENERAL INFORMATION
fixed length control field 181216s||||||||xx |||||||||||||| ||und||
020 ## - INTERNATIONAL STANDARD BOOK NUMBER
International Standard Book Number ISBN 978-9941-11-015-3
040 ## - CATALOGING SOURCE
Transcribing agency GE_BSU
080 ## - UNIVERSAL DECIMAL CLASSIFICATION NUMBER
Universal Decimal Classification number 821.111(73)-31
100 ## - MAIN ENTRY--PERSONAL NAME
Personal name კიზი, კენ
245 ## - TITLE STATEMENT
Title ...გუგულის ბუდეზე სხვა გადაფრინდა
245 ## - TITLE STATEMENT
Remainder of title რომანი
245 ## - TITLE STATEMENT
Statement of responsibility, etc. ინგლ. თარგმნა ზაზა ჭილაძემ
260 ## - PUBLICATION, DISTRIBUTION, ETC.
Place of publication, distribution, etc. თბილისი
260 ## - PUBLICATION, DISTRIBUTION, ETC.
Name of publisher, distributor, etc. დიოგენე,
260 ## - PUBLICATION, DISTRIBUTION, ETC.
Date of publication, distribution, etc. 2008
300 ## - PHYSICAL DESCRIPTION
Extent 410გვ;21სმ.
653 ## - INDEX TERM--UNCONTROLLED
Uncontrolled term ....გუგულის ბუდეზე სხვა გადაფრინდა
653 ## - INDEX TERM--UNCONTROLLED
Uncontrolled term რომანი
942 ## - ADDED ENTRY ELEMENTS (KOHA)
Koha item type წიგნი
ეგზემპლარები
Withdrawn status Lost status Damaged status Not for loan Date acquired Barcode Date last seen Price effective from Koha item type
        2018-12-17 47928 2018-12-17 2018-12-17 წიგნი
        2018-12-17 47929 2018-12-17 2018-12-17 წიგნი
        2018-12-17 47930 2018-12-17 2018-12-17 წიგნი